000 00382nmm a2200145 a 4500
003 AR-BaBNM
005 20251128203142.0
008 153119s1889 ||||||||||||||000 | spa||
040 _cAR-BaBNM
100 1 _aEchegaray, Eduardo de
245 1 0 _aDiccionario general etimológico de la lengua española
_n4
260 _a[S.l.]
_bJ.M. Faquineto
_c1889
942 _cBK
998 _cPicasso
999 _c2148
_d2148